| 000 | 00540cam a2200145 4500500 | ||
|---|---|---|---|
| 005 | 20250921004235.0 | ||
| 041 | _afre | ||
| 042 | _adc | ||
| 100 | 1 | 0 |
_aNafaa, Nora _eauthor |
| 245 | 0 | 0 | _aSchool Board Elections After a Crisis: A Campaign for a Neoliberal Urban Agenda? The Case of Atlanta Public Schools |
| 260 | _c2025. | ||
| 500 | _a83 | ||
| 786 | 0 | _nPolitique américaine | 43 | 1 | 2025-08-27 | p. 169-198 | 1771-8848 | |
| 856 | 4 | 1 | _uhttps://shs.cairn.info/revue-politique-americaine-2025-1-page-169?lang=en&redirect-ssocas=7080 |
| 999 |
_c1507673 _d1507673 |
||